000 00228 a2200097 4500
001 41076
100 _aRhodes F C
245 _aElementary Statistical Method
260 _a
_bRoutledge & Kegan Paul Ltd
_c
090 _c25307
_d25307
942 _aNUST-CAE
_cM
_c17011
999 _c276149
_d276149